| 000 | 00524nam a22001817a 4500 | ||
|---|---|---|---|
| 999 |
_c193700 _d193700 |
||
| 005 | 20230317151513.0 | ||
| 010 | _aENG-135644 | ||
| 020 | _c100.00 | ||
| 035 | _aEN-119176 | ||
| 037 | _bDBAD/PUB | ||
| 082 | _a000 | ||
| 100 | _aMurthy, S.R.C | ||
| 245 |
_aScience quiz / _cBy S.R.C. Murthy |
||
| 260 |
_aArundelpet Vijayawada _bNavaratna Book House _c2019 |
||
| 270 |
_a28-22-20,Rahiman street _bVijayawada _e0866-2432813 _msrcmurthych@.com |
||
| 300 |
_a160p. _c21cm(pbk) |
||
| 942 |
_2ddc _cEN _mMUR _h000 |
||